00733cam a2200217 a 450000100100000000500170001000800410002702000150006804000230008308200170010610000390012324501030016226000320026530000280029749000290032550400550035465000240040965000260043370000250045983000310048400000544720200929151700.0950621s1994 sp a b 000 p spa  a8437612969 aDO-SdBNPcDLCdDLC a861.64bU41a1 aUllán, José Miguel,d1944-200910aArdicia :bantología poética, 1964-1994 /cJosé-Miguel Ullán ; edición de Miguel Casado. aMadrid :bCátedra,c1994. a476 p. :bil. ;c18 cm.1 aLetras hispánicasv387 aIncluye referencias bibliográficas (p. 155-162). 4aPoesía española 4aLiteratura española1 aCasado, Miguel,eed. 0aLetras hispánicas ;v387